Ekonomické nástroje ochrany životného prostredia so zameraním na obchodovanie s emisiami diplomová práca

Salvato in:
Dettagli Bibliografici
Autore principale: Májovský, Marek
Ente Autore: Národohospodárska fakulta EU. Katedra financií
Altri autori: Romančíková, Eva
Natura: Libro
Lingua:slovacco
Pubblicazione: Bratislava 2009
Tags: Aggiungi Tag
Nessun Tag, puoi essere il primo ad aggiungerne!!

MARC

LEADER 00000nam$a2200000$$$4500
001 0096738
005 20240318141250.3
041 0 |a slo 
044 |a SK 
245 1 0 |a Ekonomické nástroje ochrany životného prostredia so zameraním na obchodovanie s emisiami  |b diplomová práca  |c Marek Májovský ; škol. Eva Romančíková 
264 1 |a Bratislava  |c 2009 
300 |a 72 s. 
100 1 |a Májovský, Marek 
700 1 |a Romančíková, Eva 
710 2 |a Národohospodárska fakulta EU. Katedra financií